000
00298nam a22001337a 4500
008
170413b xxu||||| |||| 00| 0 eng d
020
_a
9781450877879
041
_a
eng
080
_a
612.39
100
_a
10
101
_a
SHM
245
_a
101 BEST SMOOTHIES & JUICES
_c
WEBER, L
942
_2
udc
_c
BK
999
_c
10673
_d
10673